| 000 | 00433nam a2200181Ia 4500 | ||
|---|---|---|---|
| 001 | 21000 | ||
| 005 | 20260306172847.0 | ||
| 008 | 260306t2006||||xx |||||||||||||| ||spa|| | ||
| 041 | _aESP | ||
| 082 |
_a343.83 _bS21 |
||
| 100 |
_aSandoval Aguilar, Luis Alberto _eAUT |
||
| 245 | 0 | _aDerecho Tributario Aduanero | |
| 260 | _c2006 | ||
| 300 |
_a463 páginas : _ccm. |
||
| 650 | _aGEN | ||
| 654 | _aCCO | ||
| 942 |
_cLIB _dJUS _fJUS _2ddc _n |
||
| 999 |
_c21000 _d21000 |
||